[Event "Giovanni Pico Cup 5th"]
[Site "Mirandola"]
[Date "2012.01.13"]
[Round "1"]
[White "Malago, Federico"]
[Black "Rubbiani, Samuel"]
[Result "1-0"]
[WhiteElo "1877"]
[BlackElo "1614"]
[PlyCount "85"]
[EventDate "2012.01.13"]
[EventType "swiss"]
[EventRounds "5"]
[EventCountry "ITA"]
[SourceTitle "EXT 2023"]
[Source "ChessBase"]
[SourceDate "2022.10.05"]
[SourceVersion "1"]
[SourceVersionDate "2022.10.05"]
[SourceQuality "1"]

1. e4 c6 2. d4 d5 3. exd5 cxd5 4. Bd3 Nc6 5. c3 e5 6. dxe5 Nxe5 7. Be2 Nf6 8. Nf3 Nxf3+ 9. Bxf3 Be7 10. 0-0 0-0 11. Bg5 Be6 12. Nd2 Qd7 13. Nb3 Rac8 14. Re1 h6 15. Be3 b6 16. Bd4 Qd8 17. Qd2 Bc5 18. Rad1 Bxd4 19. Nxd4 Qd7 20. Re5 Rcd8 21. Rde1 Rfe8 22. R1e2 Re7 23. Qe1 Kf8 24. Nxe6+ fxe6 25. Rxe6 Rde8 26. Rxe7 Rxe7 27. Rxe7 Qxe7 28. Kf1 Qxe1+ 29. Kxe1 a5 30. Kd2 Ke7 31. Kd3 g5 32. g4 Nd7 33. Kd4 Nf6 34. Ke5 Ne4 35. Bxe4 dxe4 36. Kf5 Kd6 37. Kxe4 Ke6 38. a4 Kd6 39. b4 b5 40. axb5 a4 41. Kd3 Kc7 42. c4 Kb6 43. Kc3 1-0